000 00985nma a22002177a 4500
005 20210325212411.0
006 g q ||
008 s2556 th tha d
041 _atha
090 _aCD2258/1, CD2258/2
100 0 _aสุทธิพันธุ์ แสนละเอียด
245 1 0 _aติดตั้งและแก้ปัญหา ฉบับช่างคอมมืออาชีพ 2014 [CD-ROM]
260 3 _aกรุงเทพฯ :
_bไอดีซี พรีเมียร์,
_c2556
300 _a1 แผ่น :
_b Sd., Col.
650 0 4 _aคอมพิวเตอร์ -- การจัดซื้อ
650 0 4 _aคอมพิวเตอร์ -- การประกอบ
850 _aNALT
942 _cCD
997 _c000000000071322
_kVC
998 _aนายนายสมเกียรติ หะรังศรี
999 _c71322
_d71322